000 00626nam a2200217Ia 4500
008 180523s9999 xx 000 0 und d
020 _a0-07-141867-9
050 _aMAIN PS 595.H5
050 _b.O54 2003
245 0 _a101 patriotic poems; songs speeches /
260 _aNew York :
260 _bComtemporary Books.,
260 _c2003
300 _a126 pages :
300 _c21 cm.
650 _aPatriotic music -- United States.
650 _aPatriotic poetry, American.
650 _aPatriotism -- United States.
650 _xNational songs -- United States.
650 _xSpeeches, address, etc., American.
999 _c357412
_d357412